<?xml version="1.0" encoding="UTF-8"?>
<resp>
  <nextPage>https://data.bn.org.pl/api/networks/bibs.marcxml?marc=001+b1000002826931&amp;sinceId=1000002826932</nextPage>
  <collection>
    <record xmlns='http://www.loc.gov/MARC21/slim'><leader>03172naa a2200781 i 4500</leader><controlfield tag='001'>b1000002826931</controlfield><controlfield tag='005'>20251209072756.5</controlfield><controlfield tag='008'>230119s2021    pl           |000 0 eng c</controlfield><controlfield tag='009'>9913157736905606</controlfield><datafield ind1=' ' ind2=' ' tag='015'><subfield code='a'>BZCz 2023/14195</subfield></datafield><datafield ind1=' ' ind2=' ' tag='035'><subfield code='a'>(PL)b1000002826931</subfield></datafield><datafield ind1=' ' ind2=' ' tag='040'><subfield code='a'>WA N</subfield><subfield code='c'>WA N</subfield><subfield code='d'>WA N</subfield><subfield code='d'>TOR U</subfield></datafield><datafield ind1='0' ind2=' ' tag='041'><subfield code='a'>eng</subfield><subfield code='b'>pol</subfield></datafield><datafield ind1='0' ind2=' ' tag='045'><subfield code='b'>d2021</subfield></datafield><datafield ind1=' ' ind2=' ' tag='046'><subfield code='k'>2021</subfield></datafield><datafield ind1=' ' ind2=' ' tag='080'><subfield code='a'>902/904(045/046)</subfield></datafield><datafield ind1='0' ind2='0' tag='245'><subfield code='a'>Early medieval silver hoards from Pomerania :</subfield><subfield code='b'>a perspective of interdisciplinary research = Wczesnośredniowieczne skarby srebrne z Pomorza : perspektywa badań interdyscyplinarnych /</subfield><subfield code='c'>Anna B. Kowalska (Institute of Archaeology and Ethnology. Polish Academy of Sciences), Ewelina Miśta-Jakubowska (National Centre for Nuclear Research), Władysław Duczko (Institute of Archaeology and Ethnology. Polish Academy of Sciences), Renata Czech-Błońska (Institute of Archaeology and Ethnology. Polish Academy of Sciences).</subfield></datafield><datafield ind1='3' ind2='1' tag='246'><subfield code='a'>Wczesnośredniowieczne skarby srebrne z Pomorza :</subfield><subfield code='b'>perspektywa badań interdyscyplinarnych</subfield></datafield><datafield ind1=' ' ind2=' ' tag='260'><subfield code='c'>2021.</subfield></datafield><datafield ind1=' ' ind2=' ' tag='336'><subfield code='a'>Tekst</subfield><subfield code='b'>txt</subfield><subfield code='2'>rdacontent</subfield></datafield><datafield ind1=' ' ind2=' ' tag='337'><subfield code='a'>Bez urządzenia pośredniczącego</subfield><subfield code='b'>n</subfield><subfield code='2'>rdamedia</subfield></datafield><datafield ind1=' ' ind2=' ' tag='338'><subfield code='a'>Wolumin</subfield><subfield code='b'>nc</subfield><subfield code='2'>rdacarrier</subfield></datafield><datafield ind1=' ' ind2=' ' tag='380'><subfield code='a'>Artykuły</subfield></datafield><datafield ind1=' ' ind2=' ' tag='380'><subfield code='a'>Publikacje naukowe</subfield></datafield><datafield ind1='1' ind2=' ' tag='388'><subfield code='a'>2001-</subfield></datafield><datafield ind1=' ' ind2=' ' tag='504'><subfield code='a'>Bibliografia na stronach 410-411.</subfield></datafield><datafield ind1=' ' ind2=' ' tag='546'><subfield code='a'>Streszczenia w językach angielskim i polskim.</subfield></datafield><datafield ind1=' ' ind2='7' tag='648'><subfield code='a'>2001-</subfield><subfield code='2'>DBN</subfield></datafield><datafield ind1=' ' ind2='7' tag='650'><subfield code='a'>Interdyscyplinarność</subfield><subfield code='2'>DBN</subfield></datafield><datafield ind1=' ' ind2='7' tag='650'><subfield code='a'>Skarby</subfield><subfield code='2'>DBN</subfield></datafield><datafield ind1=' ' ind2='7' tag='650'><subfield code='a'>Srebro</subfield><subfield code='2'>DBN</subfield></datafield><datafield ind1=' ' ind2='7' tag='650'><subfield code='a'>Średniowiecze</subfield><subfield code='2'>DBN</subfield></datafield><datafield ind1=' ' ind2='7' tag='651'><subfield code='a'>Pomorze</subfield><subfield code='2'>DBN</subfield></datafield><datafield ind1=' ' ind2='7' tag='655'><subfield code='a'>Artykuł problemowy</subfield><subfield code='2'>DBN</subfield></datafield><datafield ind1=' ' ind2='7' tag='655'><subfield code='a'>Artykuł z czasopisma archeologicznego</subfield><subfield code='2'>DBN</subfield></datafield><datafield ind1=' ' ind2='7' tag='655'><subfield code='a'>Artykuł z czasopisma naukowego</subfield><subfield code='2'>DBN</subfield></datafield><datafield ind1=' ' ind2=' ' tag='658'><subfield code='a'>Archeologia</subfield></datafield><datafield ind1=' ' ind2=' ' tag='658'><subfield code='a'>Nauka i badania</subfield></datafield><datafield ind1='1' ind2=' ' tag='700'><subfield code='a'>Duczko, Władysław</subfield><subfield code='d'>(1946-2025)</subfield><subfield code='e'>Autor</subfield></datafield><datafield ind1='1' ind2=' ' tag='700'><subfield code='a'>Czech Błońska, Renata</subfield><subfield code='e'>Autor</subfield></datafield><datafield ind1='1' ind2=' ' tag='700'><subfield code='a'>Miśta, Ewelina</subfield><subfield code='e'>Autor</subfield></datafield><datafield ind1='1' ind2=' ' tag='700'><subfield code='a'>Kowalska, Anna Bogumiła</subfield><subfield code='e'>Autor</subfield></datafield><datafield ind1='2' ind2=' ' tag='710'><subfield code='a'>Narodowe Centrum Badań Jądrowych</subfield><subfield code='4'>oth</subfield></datafield><datafield ind1='2' ind2=' ' tag='710'><subfield code='a'>Instytut Archeologii i Etnologii (Polska Akademia Nauk)</subfield><subfield code='4'>oth</subfield></datafield><datafield ind1='0' ind2=' ' tag='773'><subfield code='i'>W:</subfield><subfield code='t'>Materiały Zachodniopomorskie : rocznik Muzeum Narodowego w Szczecinie.</subfield><subfield code='x'>0076-5236.</subfield><subfield code='g'>T. 17, [z.] 1 (2021), s. 403-414</subfield><subfield code='w'>(PL)b0000001806703</subfield></datafield><datafield ind1=' ' ind2=' ' tag='852'><subfield code='b'>48OMNIS_NLOP</subfield><subfield code='8'>991053061908305066</subfield></datafield><datafield ind1=' ' ind2=' ' tag='852'><subfield code='b'>48OMNIS_UMKWT</subfield><subfield code='8'>991017126829506926</subfield></datafield><datafield ind1=' ' ind2=' ' tag='852'><subfield code='b'>48OMNIS_NETWORK</subfield><subfield code='8'>9913157736905606</subfield></datafield></record>
  </collection>
</resp>
